000 00423nam a2200181Ia 4500
001 24822
005 20260414151109.0
008 260414t1980||||xx |||||||||||||| ||spa||
041 _aESP
082 _a346
_bD75
100 _aDiez-Picazo, Luis
_eAUT
245 0 _aEstudios de derecho privado
_b
260 _c1980
300 _a437 páginas :
_c25 cm.
650 _aDER
654 _aCDE
942 _cLIB
_dJUS
_fJUS
_2ddc
_n
999 _c24822
_d24822